| 000 | 00575nam a2200193Ia 4500 | ||
|---|---|---|---|
| 008 | 131103s9999 xx 000 0 und d | ||
| 040 | _aLoreto College | ||
| 041 | _aEnglish | ||
| 082 |
_a821.8/BRO _bLCLIB |
||
| 100 | _aBrowning, Elizabeth Barrett | ||
| 245 | 4 |
_aThe Poems of Elizabeth Barrett Browning _cElizabeth Barrett Browning |
|
| 260 |
_aLondon _bFrederick Warne _c1844 |
||
| 300 |
_axxiv,551p. _c 20cm. |
||
| 504 | _aIncludes index | ||
| 650 | _aBrowning, Elizabeth Barrett- Biography | ||
| 651 | _aEnglish poetry | ||
| 850 | _aLCLIB/821.8/BRO | ||
| 942 | _cBK | ||
| 999 |
_c21493 _d71972 |
||